| 000 | 00529nam a22001697a 4500 | ||
|---|---|---|---|
| 999 |
_c8556 _d8556 |
||
| 008 | 201202b ||||| |||| 00| 0 eng d | ||
| 040 | _aBMS College of Architecture | ||
| 100 | _aR, Renjith | ||
| 245 | _aNatakabhoomi - a venue for theatrical arts | ||
| 300 | _a52p. | ||
| 500 | _a1BM110AT053 | ||
| 502 |
_8B,Arch _NBMS College of Architecture, Visvesvaraya Technological University (VTU) _aProject report _d2017 |
||
| 650 | _aArts | ||
| 700 |
_aBhagyalaxmi Madapur _eGuide |
||
| 700 |
_aSwetha Gowri _eGuide |
||
| 942 |
_2ddc _cTHE |
||